Sarkar law of evidence : (Record no. 104206)

MARC details
000 -LEADER
fixed length control field 01021nam a22002657a 4500
005 - DATE AND TIME OF LATEST TRANSACTION
control field 20161025151425.0
010 ## - LCCN (DPL NO)
LC control number ENG-116294-295
020 ## - INTERNATIONAL STANDARD BOOK NUMBER
Terms of availability 4795.00(Set of 2 vols.)
International Standard Book Number 9789350357484 (v.1)
020 ## - INTERNATIONAL STANDARD BOOK NUMBER
Terms of availability 4795.00(Set of 2 vols.)
International Standard Book Number 9789350357484 (v.2)
035 ## - SYSTEM CONTROL NUMBER
System control number EN-99826-827
037 ## - SOURCE OF ACQUISITION
Source of stock number/acquisition DBAD/PUB
082 ## - DEWEY DECIMAL CLASSIFICATION NUMBER
Classification number 347.5406
100 ## - MAIN ENTRY--PERSONAL NAME
Personal name Sarkar, M.C.
245 ## - TITLE STATEMENT
Title Sarkar law of evidence :
Statement of responsibility, etc by M.C. Sarkar, S.C. Sarkar [and] P. C. Sarkar
Remainder of title in India, Pakistan, Bangladesh, Burma, Ceylon, Malaysia and Singapore /
250 ## - EDITION STATEMENT
Edition statement 19th ed by Sudipto Sarkar
260 ## - PUBLICATION, DISTRIBUTION, ETC. (IMPRINT)
Name of publisher, distributor, etc Lexis Nexis
Date of publication, distribution, etc 2016
Place of publication, distribution, etc Gurgaon
270 ## - ADDRESS
Address 14th Floor; Building No. 10 Tower -B , DLF Cyber City ,Phase-II
City Gurgaon
Postal code 122002
300 c# - PHYSICAL DESCRIPTION
Extent 2-Vol.(xxxi,1991,171p.; dlxxv,1992-3250,171p.)
Dimensions 24cm(Hb)
500 i# - GENERAL NOTE
General note Includes index
505 ## - FORMATTED CONTENTS NOTE
Formatted contents note V.1 sections 1 to 100; V.2 101 to 167 and appendices
700 ## - ADDED ENTRY--PERSONAL NAME
Personal name Sarkar, S.C.
700 ## - ADDED ENTRY--PERSONAL NAME
Personal name Sarkar, Prabhas C.
700 ## - ADDED ENTRY--PERSONAL NAME
Personal name Sarkar, Sudipto
942 ## - ADDED ENTRY ELEMENTS (KOHA)
Source of classification or shelving scheme Dewey Decimal Classification
Item type English Books
Classification part 347.5406
Call number suffix SAR
Holdings
Withdrawn status Lost status Materials specified (bound volume or other part) Not for loan Collection code Home library Current library Date acquired Source of acquisition Cost, normal purchase price Full call number Barcode Copy number Cost, replacement price Koha item type
    vol-1 Not For Loan Reference Central Library Central Library 25/10/2016 DBAD/PUB 4795.00 347.5406 SAR EN-99826 1 4795.00 English Books
    vol-2 Not For Loan Non-fiction D.B.Act.Division D.B.Act.Division 25/10/2016 DBAD/PUB 4795.00 347.5406 SAR EN-99827 2 4795.00 English Books

© Delhi Public Library
Hit Counter
free hit counter